000 00402nam a2200133Ia 4500
008 191206s9999 xx 000 0 und d
020 _a810932334
090 _aCC100.S3613
245 0 _adiscovery of the past
260 _aHarry N. Abrams
260 _cc1997
300 _a384 p. : ill. (some col.) ; 26 cm.
999 _c15834
_d15834